书目信息 |
| 书名: | Developing editing skill | |
| 作者: | Sue C.Camp | |
| 分册号: | ||
| 分册名: | 出版地: | New York : |
|
| 出版社: | McGraw-Hill Book Co | |
| 出版时间: | 1985. | |
| 页数: | 172 p. : | |
| 开本: | 28 cm. : | |
| 丛书名: | ||
| 中图分类号: | ||
| 科图分类号: | ||
| 其他分类号: | G232.2 | |
| 主题词: | ||
| 电子资源: | ||
| 000 | 00662nam 2200229 a 4500 | |
| 001 | E0760250917 | |
| 005 | 20070226165018.46 | |
| 008 | 001 0 eng | |
| 008 | uu | |
| 020 | @a0-07-009638-4. | |
| 040 | @aNLC | |
| 049 | @aN5LA | |
| 090 | @a2-86/G232.2/C18///////727773 | |
| 090 | @aG232.2 | |
| 096 | @aG232.2 @v2 | |
| 099 | @dG232.2@ex1 | |
| 100 | 1 | @aCamp, Sue C. |
| 245 | 10 | @aDeveloping editing skill / @cSue C.Camp |
| 260 | @aNew York :@bMcGraw-Hill Book Co.,@c1985. | |
| 260 | @aBerkeley :@bBerkeley. | |
| 300 | @a172 p. :@bill. ;@c28 cm. :@b00 ;@c20020930@lNLC09@h2244@lNLC09@h2229@lNLC09@h1821 | |
| 852 | 9 | @bWWJC @cJ08N @k2-86 @hG232.2 @iC18 |
| Developing editing skill / / Sue C.Camp.-New York : : McGraw-Hill Book Co., , 1985.-Berkeley : : Berkeley. |
| 172 p. : : ill. ; ; 28 cm. : : 00 ; ; 20020930 |
| ISBN 0-07-009638-4. |
| ● |
| 相关链接 |
|
|
|
|
正题名:Developing editing skill
索取号:G232.2/x1
 
预约/预借
| 序号 | 登录号 | 条形码 | 馆藏地/架位号 | 状态 | 备注 |
| 1 | 181210 | 001171662 | 第四借阅区/ [索取号:G232.2/x1] | 在馆 | |
| 2 | 181211 | 001170850 | 第四借阅区/ [索取号:G232.2/x1] | 在馆 | |
| 3 | 181212 | 001170887 | 第四借阅区/ [索取号:G232.2/x1] | 在馆 | |
| 4 | 181213 | 001170869 | 第四借阅区/ [索取号:G232.2/x1] | 在馆 | |
| 5 | 181214 | 001170878 | 第四借阅区/ [索取号:G232.2/x1] | 在馆 |